| 000 | 00475nam a2200181Ia 4500 | ||
|---|---|---|---|
| 001 | 11288 | ||
| 005 | 20260306162817.0 | ||
| 008 | 260306t2011||||xx |||||||||||||| ||spa|| | ||
| 041 | _aESP | ||
| 082 |
_a985.02092 _bB96 |
||
| 100 |
_aBusto, José Antonio del _eAUT |
||
| 245 | 0 |
_aLos trece de la fama: _bfundadores de ciudades en el Perú (siglo XVI) |
|
| 260 | _c2011 | ||
| 300 |
_a195 páginas : _c29 cm. |
||
| 650 | _aGEN | ||
| 654 | _aCHU | ||
| 942 |
_cLIB _dJUS _fJUS _2ddc _n |
||
| 999 |
_c11288 _d11288 |
||